00954 2200325 4500001002100000005001500021035002000036007000300056040001700059100002400076245010600100250001300206300002900219020002200248041000800270082001000278084001600288090002200304264004600326336002100372337003000393338002300423650001400446850001000460008004100470500002900511700004000540504002900580990001900609INLIS00000000000863720260518013447 a0010-1022000012ta aSBPUPADbind0 aIndiartiePengarang1 aPerkembangan ibu hamil :bdari konsepsi sampai melahirkan /cMuthiah Hanifa; editor, Muhammad Haitami a.-Cet. 1 a64 hlm :bilus. ;c21 cm a978-602-1351-24-60 aind a618.2 a618.2 MUT p a629.2 DAR d L20-4 a.--Bandung :bMakrifat media utama,c2011 2rdacontentateks 2rdamediaatanpa perantara 2rdacarrieravolume 4aKebidanan aPUPAD260518 0  aTentang penulis, hlm 1580 aEditor, Muhammad HaitamiePengarang aBlibiografi, hlm 155-157 a523/S/KAPD-PDG